[Event "It (open)"]
[Site "?"]
[Date "2005.07.07"]
[Round "4"]
[White "Narciso Dublan Marc"]
[Black "Moskalenko Viktor"]
[Result "1/2-1/2"]
[WhiteElo "2476"]
[BlackElo "2534"]
[PlyCount "116"]
[EventDate "2005.??.??"]
[Source "www.chesslib.no"]
[SourceDate "2004.05.04"]

1. d4 e6 2. c4 d5 3. Nc3 c5 4. cxd5 exd5 5. Nf3 Nc6 6. dxc5 d4 7. Na4 Bxc5 8. Nxc5 Qa5+ 9. Qd2 Qxc5 10. e3 dxe3 11. Qxe3+ Qxe3+ 12. Bxe3 Nge7 13. Bc4 h6 14. O-O Be6 15. Bxe6 fxe6 16. Nd2 Nd5 17. Rae1 O-O-O 18. Ne4 Nxe3 19. Rxe3 e5 20. Rc1 Rd4 21. f3 Rhd8 22. Kf2 Kb8 23. a3 Ne7 24. Nc3 Nc6 25. Rce1 a6 26. Re4 Kc7 27. Kg3 R8d6 28. h4 b5 29. h5 Kb6 30. R4e2 Rd2 31. Ne4 Rxe2 32. Rxe2 Rd1 33. Kg4 a5 34. Rf2 Nd4 35. Nd6 b4 36. axb4 axb4 37. Nc4+ Kc5 38. Nxe5 b3 39. f4 Kd5 40. Nf3 Nxf3 41. Rxf3 Kc4 42. Rc3+ Kb4 43. Rc7 Rd2 44. g3 Rxb2 45. Rxg7 Rd2 46. Rb7+ Kc3 47. Kf5 b2 48. g4 Rd5+ 49. Ke6 Rd4 50. Rxb2 Kxb2 51. g5 Rxf4 52. g6 Kc3 53. g7 Rg4 54. Kf7 Kd4 55. g8=Q Rxg8 56. Kxg8 Ke5 57. Kg7 Kf5 58. Kxh6 Kf6 1/2-1/2

[Event "Capablanca mem-A"]
[Site "Havana CUB"]
[Date "1990.??.??"]
[Round "?"]
[White "Ruban, Vadim"]
[Black "Arencibia, Walter"]
[Result "0-1"]
[WhiteElo "2565"]
[BlackElo "2425"]
[PlyCount "42"]
[EventDate "1990.??.??"]
[Source "www.chesslib.no"]
[SourceDate "2004.05.04"]

1. c4 e6 2. Nc3 d5 3. d4 c5 4. cxd5 exd5 5. dxc5 d4 6. Na4 b5 7. cxb6 axb6 8. b3 Nf6 9. e3 Nc6 10. Bb5 Qd5 11. Qe2 Ra5 12. exd4+ Kd8 13. Bxc6 Qxc6 14. Bd2 Ba3 15. Nf3 Re8 16. Ne5 Qxg2 17. Bxa5 bxa5 18. Kd2 Ne4+ 19. Ke3 Nd6 20. Kd2 f6 21. f3 Bb4+ 0-1

[Event "Russia (ch) 81/331"]
[Site "?"]
[Date "2001.??.??"]
[Round "?"]
[White "Diu, V."]
[Black "Bezgodov, A."]
[Result "1/2-1/2"]
[WhiteElo "2445"]
[BlackElo "2543"]
[PlyCount "78"]
[EventDate "2001.??.??"]
[Source "Chess Informant"]
[SourceDate "2001.02.01"]

1. d4 d5 2. c4 e6 3. Nc3 c5 4. cxd5 exd5 5. Nf3 Nc6 6. dxc5 d4 7. Na4 Bf5 8. e3 d3 9. Bd2 Nf6 10. Qb3 Be7 11. O-O-O O-O 12. Be1 Be6 13. Qxd3 Qc8 14. Qc2 b6 15. Ng5 Bf5 16. e4 Bg6 17. f3 Ng4 18. fxg4 Bxg5+ 19. Kb1 Rd8 20. Rxd8+ Qxd8 21. Bd3 b5 22. h4 Bf6 23. h5 bxa4 24. hxg6 hxg6 25. Bc3 Rb8 26. Bxf6 Qxf6 27. Rf1 Qd4 28. Bc4 Ne5 29. Be2 a5 30. Rd1 Qe3 31. a3 Nc6 32. Bd3 Rd8 33. Ka2 Ne5 34. Be2 Rb8 35. Rd5 Nc6 36. Rd6 Ne5 37. Rd5 Nc6 38. Rd6 Ne5 39. Rd5 Nc6 1/2-1/2

[Event "LXVIII ch-ESP Scheveningen"]
[Site "Burgos"]
[Date "2003.11.01"]
[Round "4"]
[White "Gomez Esteban, Juan Mario"]
[Black "Narciso Dublan, Marc"]
[Result "0-1"]
[WhiteElo "2465"]
[BlackElo "2521"]
[PlyCount "80"]
[EventDate "2003.10.29"]
[Source "Roberto Alvarez"]
[SourceDate "2003.11.03"]

1. d4 d5 2. c4 e6 3. Nc3 c5 4. cxd5 exd5 5. Nf3 Nc6 6. Bg5 Be7 7. Bxe7 Ngxe7 8. e3 c4 9. Be2 Rb8 10. O-O b5 11. Ne5 O-O 12. Bf3 Nxe5 13. dxe5 Be6 14. a3 a5 15. Qd2 b4 16. axb4 axb4 17. Ne2 Qc7 18. Ra4 b3 19. Nc3 Rfd8 20. Rd1 Rd7 21. Qd4 Nc6 22. Qc5 Nxe5 23. Qxc7 Nxf3+ 24. gxf3 Rxc7 25. e4 dxe4 26. fxe4 g5 27. f3 Rcc8 28. Kf2 Rd8 29. Raa1 Kg7 30. Ke3 Kf6 31. Rd4 Rbc8 32. Ra6 h5 33. Rb6 h4 34. Rb5 Ra8 35. Rc5 Rxd4 36. Kxd4 Ra1 37. Nd5+ Kg7 38. Kxc4 Rc1+ 39. Kb4 Rc2 40. Kxb3 Rxc5 0-1

[Event "National op"]
[Site "Las Vegas"]
[Date "1996.??.??"]
[Round "?"]
[White "Serper, Grigory"]
[Black "Leski, Marc"]
[Result "1/2-1/2"]
[WhiteElo "2540"]
[BlackElo "2440"]
[PlyCount "49"]
[EventDate "1996.??.??"]
[Source "www.chesslib.no"]
[SourceDate "2004.05.04"]

1. c4 e6 2. Nc3 d5 3. d4 c5 4. cxd5 exd5 5. Nf3 Nc6 6. dxc5 d4 7. Na4 Bg4 8. a3 Be7 9. b4 Bf6 10. Bb2 Nge7 11. h3 Bxf3 12. exf3 O-O 13. Bc4 Qc7 14. O-O Rad8 15. Qb3 Ne5 16. Rad1 Nxc4 17. Qxc4 Rd5 18. Bc1 Rfd8 19. Nb2 Ng6 20. Nd3 Ne5 21. Nxe5 Bxe5 22. Rfe1 h6 23. Qd3 Qd7 24. Re2 b6 25. Rde1 1/2-1/2

[Event "Bern zt"]
[Site "Bern"]
[Date "1990.??.??"]
[Round "8"]
[White "Soffer, Ram"]
[Black "Brunner, Lucas"]
[Result "1/2-1/2"]
[WhiteElo "2440"]
[BlackElo "2525"]
[PlyCount "102"]
[EventDate "1990.01.??"]
[Source "ChessBase"]

1. d4 d5 2. c4 e6 3. Nc3 c5 4. cxd5 exd5 5. Nf3 Nc6 6. Bf4 Nf6 7. e3 cxd4 8. Nxd4 Be7 9. Ndb5 O-O 10. Nc7 Bg4 11. f3 Rc8 12. fxg4 Rxc7 13. Bxc7 Qxc7 14. Qd2 Qe5 15. O-O-O Bb4 16. Bd3 Nxg4 17. Rhe1 Re8 18. Bb5 Nf6 19. Bxc6 bxc6 20. Qd4 Qe7 21. Re2 Bc5 22. Qa4 Bxe3+ 23. Kb1 Qc5 24. Rc2 Qd6 25. g3 h6 26. Ne2 Rc8 27. Qa6 Qd7 28. Qd3 Bb6 29. Qf3 Ng4 30. Nd4 Ne5 31. Qf5 Qxf5 32. Nxf5 Rc7 33. b4 Nc4 34. Re2 a5 35. Re8+ Kh7 36. bxa5 Bxa5 37. Re7 Rc8 38. Rb7 Re8 39. Nd4 Bc3 40. Nxc6 Re2 41. Rd3 Nd2+ 42. Kc1 Ne4 43. Rxf7 Rxh2 44. a4 Bb2+ 45. Kd1 Nc3+ 46. Ke1 Nxa4 47. Rxd5 Nc3 48. Rd3 Ne4 49. Kf1 Bf6 50. Re3 Ng5 51. Rd7 Rc2 1/2-1/2

[Event "Qingdao Daily Cup"]
[Site "Qingdao"]
[Date "1999.10.20"]
[Round "6"]
[White "Bu Xiangzhi"]
[Black "Iuldachev, Saidali"]
[Result "1/2-1/2"]
[WhiteElo "2465"]
[BlackElo "2491"]
[PlyCount "21"]
[EventDate "1999.10.18"]
[Source "ChessBase"]
[SourceDate "2000.02.01"]

1. d4 d5 2. c4 e6 3. Nc3 c5 4. cxd5 exd5 5. Nf3 Nc6 6. e3 Nf6 7. Be2 Bd6 8. dxc5 Bxc5 9. a3 O-O 10. O-O Bb6 11. h3 1/2-1/2

[Event "Spring Festival GM"]
[Site "Bucharest"]
[Date "2003.03.05"]
[Round "3"]
[White "Svetushkin, Dmitry"]
[Black "Musat, Adrian"]
[Result "1-0"]
[WhiteElo "2542"]
[BlackElo "2410"]
[PlyCount "69"]
[EventDate "2003.03.04"]
[Source "Roberto Alvarez"]
[SourceDate "2003.03.17"]

1. d4 d5 2. c4 e6 3. Nc3 c5 4. cxd5 exd5 5. Nf3 Nc6 6. e3 Nf6 7. Bb5 cxd4 8. Nxd4 Bd7 9. O-O Bd6 10. Be2 a6 11. Bf3 Be6 12. Nxe6 fxe6 13. g3 O-O 14. b3 Qe7 15. Bg2 Rad8 16. Bb2 Bc5 17. Rc1 Ba7 18. Rc2 Kh8 19. Rd2 Bc5 20. Ne2 e5 21. Qc1 Ng4 22. Nc3 Nxe3 23. Nxd5 Rxd5 24. Rxd5 Nxd5 25. Bxd5 e4 26. Qe1 Nb4 27. Bxe4 Rxf2 28. Rxf2 Nd3 29. Bxg7+ Kxg7 30. Qc3+ Ne5 31. Kg2 Bxf2 32. Kxf2 Kf6 33. Qc8 Nd7 34. Qh8+ Kg5 35. Qxh7 1-0

[Event "Ch Norway (team) 1998/99"]
[Site "Norway"]
[Date "1998.??.??"]
[Round "6"]
[White "Mikuev E"]
[Black "Punnett, A."]
[Result "1/2-1/2"]
[WhiteElo "2505"]
[BlackElo "2445"]
[PlyCount "66"]
[EventDate "1998.??.??"]
[Source "www.chesslib.no"]
[SourceDate "2004.05.04"]

1. d4 e6 2. c4 d5 3. Nc3 c5 4. cxd5 exd5 5. Nf3 Nc6 6. e3 Nf6 7. Be2 c4 8. O-O Bb4 9. Ne5 O-O 10. Bd2 Re8 11. Nxc6 bxc6 12. b3 cxb3 13. axb3 a5 14. Na4 Bd6 15. Nc5 Bxc5 16. dxc5 Ne4 17. b4 Re6 18. f3 Nxd2 19. Qxd2 Qe7 20. e4 dxe4 21. fxe4 Rb8 22. Rxa5 Rxe4 23. Ra7 Bb7 24. Bf3 Re6 25. Qf2 Ra8 26. Rxa8+ Bxa8 27. Qa2 Bb7 28. Qa7 g6 29. h3 Re1 30. Qb8+ Kg7 31. Qf4 Rxf1+ 32. Kxf1 Ba6+ 33. Kg1 Bb5 1/2-1/2

[Event "Cheliabinsk (Russia)"]
[Site "?"]
[Date "2005.01.??"]
[Round "7"]
[White "Abrashkin Boris"]
[Black "Bezgodov Alexei"]
[Result "1/2-1/2"]
[WhiteElo "2388"]
[BlackElo "2558"]
[PlyCount "73"]
[EventDate "2005.??.??"]
[Source "www.chesslib.no"]
[SourceDate "2004.05.04"]

1. d4 d5 2. c4 e6 3. Nc3 c5 4. cxd5 exd5 5. Nf3 Nc6 6. Bf4 Nf6 7. e3 Be7 8. dxc5 Bxc5 9. Be2 O-O 10. O-O h6 11. Ne5 Bd6 12. Nxc6 bxc6 13. Bxd6 Qxd6 14. Rc1 Rb8 15. Na4 Re8 16. Bf3 Nh7 17. Qc2 Ng5 18. Be2 Rb4 19. b3 Re6 20. f4 Ne4 21. Bg4 Re8 22. Bf3 Bd7 23. Rfe1 Nf6 24. Nc5 Bg4 25. Nd3 Rb6 26. Qc5 Qb8 27. Ne5 Bxf3 28. gxf3 Re6 29. Kh1 Rb5 30. Qd4 Rb4 31. Qc3 d4 32. exd4 Nd5 33. Qd2 Ne7 34. f5 Nxf5 35. Nxc6 Rxc6 36. Rxc6 Rxd4 37. Qe2 1/2-1/2

[Event "Tashkent Hodzhaev Memorial"]
[Site "Tashkent UZB"]
[Date "1987.??.??"]
[Round "?"]
[White "Graf, Alexander"]
[Black "Vladimirov, Evgeny Y"]
[Result "0-1"]
[WhiteElo "2420"]
[BlackElo "2525"]
[PlyCount "112"]
[EventDate "1987.??.??"]
[Source "www.chesslib.no"]
[SourceDate "2004.05.04"]

1. d4 d5 2. c4 e6 3. Nc3 c5 4. cxd5 exd5 5. Nf3 Nc6 6. Bf4 Nf6 7. e3 cxd4 8. Nxd4 Bb4 9. Bb5 Bd7 10. O-O O-O 11. Rc1 Bxc3 12. Rxc3 Qb6 13. Bxc6 bxc6 14. Qc2 Ne4 15. Rb3 Qa6 16. Ra3 Qb6 17. Rb3 Qd8 18. Ra3 c5 19. Nb3 Bf5 20. Qe2 Bg6 21. Qb5 Qb6 22. Ra5 Rfc8 23. f3 c4 24. fxe4 cxb3 25. Qxb6 axb6 26. Rxa8 Rxa8 27. axb3 Bxe4 28. Be5 f6 29. Bd4 b5 30. Re1 h5 31. Kf2 Kf7 32. b4 Ra4 33. Bc5 h4 34. Rc1 Ra8 35. Bd4 Ke6 36. Rc6+ Kf5 37. Rc7 Kg6 38. Rc1 Rh8 39. Rf1 Rc8 40. Bc5 Ra8 41. Bd4 Kf5 42. Rc1 Ra4 43. Bc3 Bd3 44. Rg1 Ke4 45. g3 h3 46. g4 Ra7 47. g5 fxg5 48. Rxg5 Rf7+ 49. Kg3 Kxe3 50. Rxd5 Rf3+ 51. Kh4 g6 52. Rg5 Rf2 53. Rg4 Be4 54. Kxh3 Bf5 55. Bd4+ Kf3 56. Bxf2 g5 0-1

[Event "Capablanca mem"]
[Site "Matanzas"]
[Date "1995.??.??"]
[Round "6"]
[White "Sorin, Ariel"]
[Black "Arencibia, Juan Joel"]
[Result "1/2-1/2"]
[WhiteElo "2505"]
[BlackElo "2435"]
[PlyCount "74"]
[EventDate "1995.05.??"]
[Source "ChessBase"]

1. d4 d5 2. c4 e6 3. Nc3 c5 4. cxd5 exd5 5. Nf3 Nc6 6. Bg5 Be7 7. Bxe7 Ngxe7 8. e3 cxd4 9. Nxd4 O-O 10. Be2 Qb6 11. Qd2 Nxd4 12. exd4 Nf5 13. Rd1 Qa5 14. O-O Be6 15. Rfe1 Rac8 16. Bg4 Nxd4 17. Bxe6 Nxe6 18. Qxd5 Qb4 19. Qb5 Qxb5 20. Nxb5 Rc2 21. Rb1 Rd8 22. Na3 Rc5 23. Red1 Rxd1+ 24. Rxd1 Kf8 25. Kf1 Ke7 26. g3 g5 27. f3 a6 28. Rd2 Rc1+ 29. Kg2 Ra1 30. b3 b5 31. Rb2 Nc5 32. Nc2 Nd3 33. Nxa1 Nxb2 34. Kf2 Nd1+ 35. Ke1 Nc3 36. a3 Kd6 37. Nc2 Ke5 1/2-1/2

[Event "AUT-chT2O 9900"]
[Site "AUT"]
[Date "1999.11.13"]
[Round "3.1"]
[White "Schweda, Roland"]
[Black "Beim, Valery"]
[Result "1/2-1/2"]
[WhiteElo "2370"]
[BlackElo "2562"]
[PlyCount "47"]
[EventDate "1999.??.??"]
[Source "www.chesslib.no"]
[SourceDate "2004.05.04"]

1. d4 d5 2. c4 e6 3. Nc3 c5 4. cxd5 exd5 5. Nf3 Nc6 6. Bg5 f6 7. Bf4 Be6 8. e3 c4 9. Be2 Bb4 10. O-O a6 11. e4 Bxc3 12. bxc3 Nge7 13. Nd2 O-O 14. Re1 b5 15. Qc1 Kh8 16. exd5 Bxd5 17. a4 Ng6 18. Bg3 Nce7 19. Qa3 Nf5 20. Qb4 Bc6 21. axb5 axb5 22. Bf3 Bxf3 23. Nxf3 Qd5 24. Rab1 1/2-1/2

[Event "Czerniak mem Bikurei Haitim"]
[Site "Tel Aviv"]
[Date "1997.??.??"]
[Round "8"]
[White "Summerscale, Aaron"]
[Black "Gershon, Alik"]
[Result "1/2-1/2"]
[WhiteElo "2500"]
[BlackElo "2420"]
[PlyCount "146"]
[EventDate "1997.04.04"]
[Source "ChessBase"]
[SourceDate "1997.08.01"]

1. d4 d5 2. c4 e6 3. Nc3 c5 4. cxd5 exd5 5. e4 dxe4 6. Bc4 Nc6 7. d5 Ne5 8. Nxe4 Nxc4 9. Qa4+ Bd7 10. Qxc4 Qe7 11. Bg5 f6 12. Be3 b5 13. Qd3 c4 14. Qd4 Qe5 15. Nf3 Qxd4 16. Nxd4 f5 17. Nc3 Bb4 18. O-O-O Bxc3 19. bxc3 Nf6 20. Nf3 O-O 21. Bd4 Rad8 22. Rhe1 a5 23. Re7 Rf7 24. d6 Nd5 25. Ne5 Nxe7 26. Nxf7 Kxf7 27. dxe7 Kxe7 28. Bxg7 Rg8 29. Be5 Rxg2 30. Bd6+ Ke8 31. Bg3 f4 32. Bxf4 Rxf2 33. Re1+ Kf7 34. Bd6 Bf5 35. Re7+ Kg6 36. Rb7 Rc2+ 37. Kd1 Rxc3 38. Bc7 Rd3+ 39. Kc1 Rd7 40. Ra7 a4 41. Ra6+ Kg5 42. Ba5 Kg4 43. Bb4 Rd3 44. Rb6 Rd5 45. Rd6 Re5 46. Rd4+ Be4 47. Bd6 Re6 48. Kb2 Kf3 49. Kc3 Rg6 50. Bg3 Ke3 51. Rd6 Rg5 52. Rd1 Bd3 53. Rg1 Rf5 54. Bc7 Ke4 55. Rg4+ Kd5 56. Rf4 Rg5 57. Rd4+ Kc5 58. Bd6+ Kc6 59. Bg3 Rg6 60. Rd8 Be4 61. Re8 Bb1 62. Kb2 Bf5 63. Kc3 Rf6 64. Ra8 Be6 65. Kb4 Rf5 66. Ra6+ Kd7 67. Rb6 c3 68. Rxb5 c2 69. Rb7+ Kd8 70. Rc7 Bxa2 71. Rxc2 Bb3 72. Rc7 h5 73. Rc5 Rxc5 1/2-1/2

[Event "Turin"]
[Site "?"]
[Date "2002.11.18"]
[Round "3"]
[White "Georgiev Vladimir"]
[Black "Blauert Joerg"]
[Result "1-0"]
[WhiteElo "2501"]
[BlackElo "2418"]
[PlyCount "209"]
[EventDate "2002.??.??"]
[Source "www.chesslib.no"]
[SourceDate "2004.05.04"]

1. c4 e6 2. Nc3 d5 3. d4 c5 4. cxd5 exd5 5. Nf3 Nc6 6. e3 Nf6 7. Be2 a6 8. O-O Bd6 9. b3 cxd4 10. Nxd4 Qc7 11. Nf3 Be6 12. Bb2 O-O 13. Rc1 Rad8 14. Qc2 Rc8 15. Rfd1 Rfd8 16. Qb1 d4 17. Ne4 Nxe4 18. Qxe4 Bd5 19. Qg4 Be6 20. Qh4 dxe3 21. fxe3 h6 22. Nd4 Qd7 23. Nxe6 Qxe6 24. Bc4 Qe8 25. e4 Be5 26. Rxd8 Rxd8 27. Rf1 Rd7 28. Bxe5 Nxe5 29. Bd5 Re7 30. h3 Kf8 31. Rf5 f6 32. Rf1 Rc7 33. Kh1 Nf7 34. Qg4 Ne5 35. Qf5 Nf7 36. a4 Qe5 37. Qf2 Qe7 38. Qa7 Nd8 39. Qb8 Ke8 40. Rd1 Rd7 41. Rc1 Qd6 42. Qc8 Ke7 43. Qc3 Nc6 44. Qf3 Ne5 45. Qf5 g6 46. Qf1 Nf7 47. Qc4 Nd8 48. Qc3 Nc6 49. Qe3 g5 50. Rf1 Nb4 51. Bc4 Nc6 52. Qf2 Kf8 53. Qxf6+ Qxf6 54. Rxf6+ Kg7 55. Rf1 Ne5 56. Bd5 Nd3 57. g3 Nb4 58. Bc4 Re7 59. Kg2 b5 60. axb5 axb5 61. Bxb5 Rxe4 62. Rc1 Re3 63. Rc7+ Kf6 64. Bc4 h5 65. Rf7+ Kg6 66. Rb7 Nc2 67. Bf7+ Kf6 68. Bxh5 Nd4 69. b4 Nf5 70. Rb6+ Ke7 71. Kf2 Rb3 72. Bd1 Rb2+ 73. Kf3 Rd2 74. Ba4 Ra2 75. Ra6 Ra3+ 76. Ke4 Nxg3+ 77. Ke5 Re3+ 78. Kd5 Rd3+ 79. Kc4 Re3 80. Ra7+ Kd6 81. Ra6+ Kc7 82. b5 Ne4 83. Kb4 Rxh3 84. Rc6+ Kb7 85. Bb3 Rh4 86. Ka5 Nd2 87. Bd5 Rd4 88. Rc5+ Kb8 89. Ba2 Ne4 90. Rf5 Nc3 91. Bb3 Nxb5 92. Kxb5 g4 93. Bd5 Rd1 94. Bc6 Kc7 95. Rf7+ Kd8 96. Rg7 Rd4 97. Kc5 Rf4 98. Rd7+ Kc8 99. Re7 Rf8 100. Kb6 g3 101. Rc7+ Kd8 102. Rd7+ Kc8 103. Rd1 g2 104. Bb7+ Kb8 105. Bxg2 1-0

[Event "Puchko mem"]
[Site "Alushta"]
[Date "2000.03.22"]
[Round "4"]
[White "Gaprindashvili, Valerian"]
[Black "Kuzmin, Gennadi P"]
[Result "1/2-1/2"]
[WhiteElo "2446"]
[BlackElo "2466"]
[PlyCount "35"]
[EventDate "2000.03.22"]
[Source "ChessBase"]
[SourceDate "2000.05.11"]

1. d4 d5 2. c4 e6 3. Nc3 c5 4. cxd5 exd5 5. Nf3 Nc6 6. e3 Nf6 7. Be2 Bd6 8. O-O O-O 9. Nb5 Be7 10. dxc5 Bxc5 11. b3 a6 12. Nbd4 Ne7 13. Bb2 Ng6 14. Qc2 Ne4 15. Rad1 Qe7 16. Qc1 Bd7 17. Nc2 Be6 18. Nfd4 1/2-1/2

[Event "Jurmala"]
[Site "Jurmala LAT"]
[Date "1978.??.??"]
[Round "10"]
[White "Knaak, Rainer F A"]
[Black "Nogueiras, Jesus"]
[Result "1-0"]
[WhiteElo "2520"]
[BlackElo "2385"]
[PlyCount "67"]
[EventDate "1978.??.??"]
[Source "www.chesslib.no"]
[SourceDate "2004.05.04"]

1. d4 d5 2. c4 e6 3. Nc3 c5 4. cxd5 exd5 5. e4 dxe4 6. d5 f5 7. Bf4 Bd6 8. Bb5+ Kf7 9. Nh3 Nf6 10. Bc4 a6 11. a4 Re8 12. Qd2 Qe7 13. O-O Nbd7 14. Ng5+ Kg8 15. Ne6 Nf8 16. Bxd6 Qxd6 17. Nc7 Ng4 18. f4 Bd7 19. Nxa8 Rxa8 20. h3 Nf6 21. a5 Kh8 22. Ra3 Ne6 23. Rb3 b5 24. axb6 Nd4 25. b7 Rb8 26. Ra3 Bb5 27. Bxb5 axb5 28. Ra8 b4 29. Ne2 Nb5 30. Qc2 Nd7 31. Qa4 Qb6 32. Rxb8+ Nxb8 33. Qa8 Qd8 34. Ra1 1-0

[Event "Amici Sumus LADAC/CAPA (B)"]
[Site "?"]
[Date "1998.??.??"]
[Round "?"]
[White "Martins Floriano de los Ang"]
[Black "Gaal Alfredo"]
[Result "1-0"]
[WhiteElo "2425"]
[BlackElo "2480"]
[PlyCount "47"]
[EventDate "1998.??.??"]
[Source "www.chesslib.no"]
[SourceDate "2004.05.04"]

1. c4 e6 2. Nc3 d5 3. d4 c5 4. cxd5 exd5 5. dxc5 Nf6 6. Be3 Nc6 7. Nf3 Qa5 8. a3 Ne4 9. b4 Nxc3 10. Qb3 Nxb4 11. Qxb4 Qxb4 12. axb4 Ne4 13. Bd4 b6 14. Rc1 bxc5 15. bxc5 Bd7 16. Nd2 Nxd2 17. Kxd2 a5 18. e3 f6 19. Kc2 a4 20. Kb2 Bc6 21. Ka3 Rb8 22. Be2 Be7 23. Rb1 Kd7 24. Bd3 1-0

[Event "DDR Ch 26th"]
[Site "Frankfurt/Oder"]
[Date "1977.??.??"]
[Round "8"]
[White "Knaak, Rainer F A"]
[Black "Baumbach, Friedrich"]
[Result "0-1"]
[WhiteElo "2500"]
[BlackElo "2395"]
[PlyCount "80"]
[EventDate "1977.02.10"]
[Source "www.chesslib.no"]
[SourceDate "2004.05.04"]

1. d4 d5 2. c4 e6 3. Nc3 c5 4. cxd5 exd5 5. e4 dxe4 6. d5 Nf6 7. Bg5 Be7 8. Bb5+ Nfd7 9. Bf4 O-O 10. Qd2 a6 11. Be2 Nb6 12. d6 e3 13. fxe3 Bh4+ 14. g3 Bf6 15. h4 Nc6 16. Ne4 Ne5 17. Nf3 Nbc4 18. Qc2 Nxf3+ 19. Bxf3 Qa5+ 20. Kf2 Ne5 21. Nxf6+ gxf6 22. Bxe5 fxe5 23. Rhd1 Be6 24. Be4 h6 25. Kg1 Rad8 26. Rd2 c4 27. Rad1 Qb6 28. Qc3 Bg4 29. Rf1 Rxd6 30. Bd5 Be6 31. Rfd1 Bxd5 32. Rxd5 Rfd8 33. Rxd6 Rxd6 34. Re1 Qc5 35. Qc2 Rd3 36. Qf2 Qd5 37. e4 Qd4 38. Re2 Qxf2+ 39. Kxf2 b5 40. g4 Rh3 0-1

[Event "Budapest Herbstlich"]
[Site "Budapest"]
[Date "1990.??.??"]
[Round "4"]
[White "Moskalenko, Viktor"]
[Black "Miljanic, Boro"]
[Result "1-0"]
[WhiteElo "2515"]
[BlackElo "2380"]
[PlyCount "125"]
[EventDate "1990.09.??"]
[Source "ChessBase"]

1. d4 d5 2. c4 e6 3. Nc3 c5 4. cxd5 exd5 5. Nf3 Nc6 6. Bg5 Be7 7. Bxe7 Ngxe7 8. e3 c4 9. Be2 O-O 10. O-O Rb8 11. Qd2 Bf5 12. Ne5 Nxe5 13. dxe5 b5 14. a3 Qc7 15. f4 Rfd8 16. Rfd1 Qb6 17. Qd4 Qxd4 18. Rxd4 Be6 19. Rd2 Nf5 20. Kf2 d4 21. exd4 Rxd4 22. Rxd4 Nxd4 23. Rd1 Nxe2 24. Nxe2 h5 25. Nd4 Rd8 26. Ke3 a6 27. Rd2 Rc8 28. f5 c3 29. bxc3 Rxc3+ 30. Rd3 Rxd3+ 31. Kxd3 Bd5 32. g3 Kf8 33. Kc3 Ke7 34. Kb4 Be4 35. Kc5 Bd3 36. Nc6+ Ke8 37. f6 gxf6 38. exf6 Bf1 39. Kd6 Bh3 40. Na5 Bf1 41. Kc7 Be2 42. Nb7 Kf8 43. Kb6 Kg8 44. Nc5 Kh7 45. Nxa6 Kg6 46. Nc7 Kxf6 47. Nxb5 Bd1 48. Nd6 Bb3 49. Kc5 Kg5 50. Kb4 Bc2 51. Kc3 Ba4 52. Nxf7+ Kg4 53. Kd4 h4 54. Ne5+ Kh3 55. g4 Kxh2 56. g5 Kg3 57. g6 Bb3 58. g7 Be6 59. Ke3 h3 60. Nf3 Kg4 61. Ke4 Bf5+ 62. Ke5 Bh7 63. Nh2+ 1-0

[Event "Tallinn"]
[Site "Tallinn"]
[Date "1975.??.??"]
[Round "14"]
[White "Nei, Iivo"]
[Black "Hernandez, Roman"]
[Result "1-0"]
[WhiteElo "2495"]
[BlackElo "2395"]
[PlyCount "49"]
[EventDate "1975.??.??"]
[Source "ChessBase"]

1. d4 d5 2. c4 e6 3. Nc3 c5 4. cxd5 exd5 5. dxc5 d4 6. Na4 b5 7. cxb6 axb6 8. b3 Bf5 9. e4 Bxe4 10. Bb5+ Nc6 11. Qe2 Bb4+ 12. Kf1 Qe7 13. f3 Ra5 14. fxe4 Qf6+ 15. Nf3 Nge7 16. e5 Qf5 17. a3 Bc3 18. Nxc3 dxc3 19. b4 Rxb5 20. Qxb5 O-O 21. Be3 f6 22. Qc4+ Kh8 23. Kg1 fxe5 24. Rf1 Qg6 25. b5 1-0

[Event "Cordoba Open"]
[Site "Cordoba ARG"]
[Date "1990.??.??"]
[Round "?"]
[White "Vladimirov, Evgeny Y"]
[Black "Frois, Antonio"]
[Result "1/2-1/2"]
[WhiteElo "2565"]
[BlackElo "2325"]
[PlyCount "93"]
[EventDate "1990.10.??"]
[Source "www.chesslib.no"]
[SourceDate "2004.05.04"]

1. d4 d5 2. c4 e6 3. Nc3 c5 4. cxd5 exd5 5. dxc5 d4 6. Ne4 Bf5 7. Ng3 Be6 8. e3 Nc6 9. Nf3 Bxc5 10. exd4 Nxd4 11. Nxd4 Qxd4 12. Bb5+ Kf8 13. O-O Qxd1 14. Rxd1 Nf6 15. b3 Ke7 16. Bb2 Rhd8 17. Bd3 Rac8 18. Rac1 Bb4 19. Rxc8 Rxc8 20. Bxf6+ gxf6 21. Bxh7 a5 22. Kf1 Rh8 23. Be4 Rxh2 24. Bxb7 Rh8 25. Ba6 Rh4 26. Rd3 Bd6 27. Rc3 Be5 28. Rc2 Rg4 29. Be2 Rg8 30. Nh5 Bf5 31. Rc1 Bg6 32. Ng3 Rd8 33. Rc5 a4 34. bxa4 Rd2 35. f4 Bxf4 36. Nf5+ Bxf5 37. Rxf5 Be5 38. a5 Rxa2 39. a6 Kd6 40. Rh5 Ra1+ 41. Kf2 Ra3 42. g4 Kd5 43. Rh7 Bd4+ 44. Kg2 Ke4 45. Rxf7 Ra2 46. Re7+ Kf4 47. Re6 1/2-1/2

[Event "Dubai"]
[Site "?"]
[Date "1996.??.??"]
[Round "?"]
[White "Murugan, K."]
[Black "Magomedov, M."]
[Result "1/2-1/2"]
[WhiteElo "2430"]
[BlackElo "2460"]
[PlyCount "35"]
[EventDate "1996.??.??"]
[Source "ChessBase"]
[SourceDate "1996.10.01"]

1. c4 e6 2. Nc3 d5 3. d4 c5 4. cxd5 exd5 5. Nf3 Nc6 6. Bg5 Be7 7. Bxe7 Ngxe7 8. dxc5 Qa5 9. e3 O-O 10. Be2 Qxc5 11. O-O Be6 12. Rc1 Qb4 13. Qd2 Rad8 14. Rfd1 a6 15. a3 Qb3 16. Qc2 Qxc2 17. Rxc2 Nf5 18. Nd4 1/2-1/2

[Event "Gijon"]
[Site "?"]
[Date "1988.??.??"]
[Round "?"]
[White "Ronen, L."]
[Black "Illescas"]
[Result "0-1"]
[WhiteElo "2390"]
[BlackElo "2495"]
[PlyCount "90"]
[EventDate "1988.??.??"]
[Source "www.chesslib.no"]
[SourceDate "2004.05.04"]

1. d4 d5 2. c4 e6 3. Nc3 c5 4. cxd5 exd5 5. Nf3 Nc6 6. Bg5 Be7 7. Bxe7 Ngxe7 8. e3 cxd4 9. Nxd4 Qb6 10. Bb5 O-O 11. O-O Ne5 12. Qb3 Qd6 13. Be2 a6 14. a4 Rd8 15. a5 N7c6 16. Rfd1 Bg4 17. f3 Be6 18. Nxe6 fxe6 19. f4 Nd7 20. Qa3 Qc7 21. Bg4 Re8 22. Ne2 Nf6 23. Bf3 Rad8 24. Qc5 Qf7 25. Nd4 Rc8 26. Rac1 Rc7 27. Qb6 Rec8 28. Nxc6 Rxc6 29. Rxc6 Rxc6 30. Qd8+ Qf8 31. Qxf8+ Kxf8 32. g4 Ke7 33. g5 Ne4 34. Bxe4 dxe4 35. Rd4 Rc1+ 36. Kf2 Rc2+ 37. Kg3 Rxb2 38. Rxe4 Rb5 39. Ra4 h5 40. gxh6 gxh6 41. e4 Kf6 42. Kg4 Kg6 43. e5 Rb3 44. f5+ exf5+ 45. Kf4 Rb2 0-1

[Event "Biel"]
[Site "?"]
[Date "1979.08.06"]
[Round "10"]
[White "Toth Bela"]
[Black "Wirthensohn Heinz"]
[Result "1/2-1/2"]
[WhiteElo "2470"]
[BlackElo "2410"]
[PlyCount "89"]
[EventDate "1979.??.??"]
[Source "www.chesslib.no"]
[SourceDate "2004.05.04"]

1. d4 d5 2. c4 e6 3. Nc3 c5 4. cxd5 exd5 5. Nf3 Nc6 6. Bg5 Be7 7. Bxe7 Ngxe7 8. e3 cxd4 9. Nxd4 O-O 10. Qd2 Be6 11. Rd1 Nxd4 12. Qxd4 Nc6 13. Qd2 Qg5 14. h4 Qf6 15. Nb5 d4 16. Nxd4 Rad8 17. b3 Nxd4 18. exd4 Rfe8 19. Be2 Bg4 20. f3 Bxf3 21. gxf3 Qxf3 22. Rg1 Rd6 23. d5 Qe4 24. Qd3 Qxh4+ 25. Qg3 Qb4+ 26. Rd2 g6 27. Kd1 Qc5 28. Bc4 a6 29. Rf1 b5 30. Qf3 Rd7 31. Bd3 Qxd5 32. Qxd5 Rxd5 33. Rf6 Red8 34. Kc2 R5d6 35. Rxd6 Rxd6 36. Kc3 Kg7 37. Re2 h5 38. Kd2 f5 39. Re8 Kf6 40. Ke2 Re6+ 41. Rxe6+ Kxe6 42. a4 bxa4 43. bxa4 a5 44. Kf3 g5 45. Kg3 1/2-1/2